Geography starting in C, with second letters A-Z - Statistics

General Stats
  • This quiz has been taken 29 times
  • The average score is 8 of 26
Answer Stats
2nd letter Clue Answer starting with C % Correct
A Country where Khmer is spoken (8 letters) Cambodia
100%
H Country that sounds cold, but also hot (5) Chile
86%
R Ex-Yugoslav nation (7) Croatia
76%
Y Mediterranean island (6) Cyprus
76%
U Caribbean island (4) Cuba
72%
O Country named after an explorer (8) Colombia
62%
X The code for Cox's Bazar International Airport in Bangladesh (3) CXB
55%
Z Democracy where the king is under attack (13) Czech Republic
55%
L Just back in Romanian city with lost street (10) Cluj-Napoca
38%
I River of Oklahoma, and title of a Western film and book (8) Cimarron
24%
W A million billion ran to this town in South Wales (7) Cwmbran
21%
E First French person follows a metal for making cans, to a town in Montenegro (7) Cetinje
17%
P Californian mountain, one of a series which begins with Apex Peak (8) Cpex Peak
14%
B An obscure Czech village (4) Čbán
7%
C Processed tuna leads to vulgar outcome and universal mass in Peruvian locale (8) Ccuntuma
7%
D Short form of the Spanish name for the Vatican City (15) Cdad. del Vaticano
7%
F A hill in Mauritania where fresh air can be found (6) Çfaïra
7%
G Goat-themed local name of el Cogulló peak in the Catalan Pyrenees (13) Cgulló de Cabra
7%
K It's yes and no with middlemen in Czech municipality (5) Čkyně
7%
M Polish village where, alas, the leader is replaced by nothing (6) Cmolas
7%
N In German, I have time for Welsh mountain (6) Cnicht
7%
S Hungarian town where the other option is not applicable (6) Csorna
7%
T I take seven characters back to Czech village (8) Ctiněves
7%
V Czech town where I cough, by the sounds of it (6) Cvikov
7%
J A star exploding with the speed of light over Slovenian mountain (8) Cjanovca
3%
Q A bishop I see on street in Cape Town suburb (11) Cqabi Street
3%
No matching quizzes found
Score Distribution
Percent of People with Each Score
Percentile by Number Answered
Your Score History
You have not taken this quiz